Texas Quiz by Letter - D - Statistics

General Stats
  • This quiz has been taken 20 times
  • The average score is 6 of 10
Answer Stats
Question Answer % Correct
3rd largest city in Texas Dallas
100%
Popular soda brand that started in Waco Dr. Pepper
90%
Technology company founded by a University of Texas student Dell
80%
This Texas city is named after a city in Ireland Dublin
80%
This suburb of DFW is the home of the University of North Texas Denton
70%
Finish the lyric "The stars at night are big and bright ____ __ __ ____ __ ____" Deep in the heart of Texas
65%
Cult in Waco that lead to a fiery demise Davidians
60%
This Star from Lizzie Mcguire hails from Houston Hilary Duff
40%
Dam on the Red River between Texas and Oklahoma Denison
10%
Air force Base located in Abilene Dyess
10%
No matching quizzes found
Score Distribution
Percent of People with Each Score
Percentile by Number Answered
Your Score History
You have not taken this quiz